Top 50 most supported soccer teams in the world - Statistics

General Stats
  • This quiz has been taken 118 times
  • The average score is 25 of 51
Answer Stats
Country #Biggest Answer % Correct
Spain Tied 1st Barcelona
99%
England Tied 1st Manchester United
97%
Spain 2 Real Madrid
96%
England 7 Liverpool
95%
England 8 Chelsea
92%
France 17 Paris Saint Germain
92%
Italy 3 AC Milan
89%
Germany 11 Bayern Munich
89%
Italy 6 Juventus
89%
England 32 Manchester City
88%
England 5 Arsenal
87%
Italy 4 Inter Milan
87%
Netherlands 9 Ajax
85%
France 13 Olympique Lyonnais
80%
Portugal 10 Benfica
79%
Portugal 23 Porto
79%
England 30 Tottenham Hotspur
71%
France 19 Olympique Marseille
70%
Argentina 12 Boca Juniors
67%
Netherlands 20 PSV
63%
Greece 18 Olympiacos
55%
Argentina 36 River Plate
53%
Spain 16 Valencia
52%
England 24 Everton
47%
England 31 Newcastle
45%
Portugal 28 Sporting Lisbon
45%
Ukraine 47 Dynamo Kyiv
41%
England 26 Leeds
38%
Brazil 21 Flamengo
36%
Scotland 14 Glasgow Rangers
35%
Belgium 34 Anderlecht
33%
USA 44 LA Galaxy
33%
Scotland 15 Glasgow Celtic
30%
Germany 25 Schalke 04
30%
France 22 Bordeaux
28%
Russia 40 CSKA Moscow
23%
Greece 41 Panathinaikos
22%
Serbia 42 Red Star Belgrade
21%
Brazil 37 Saõ Paulo
21%
Ukraine 39 Shakhtar Donetsk
21%
Argentina 35 Palmeiras
18%
Mexico 33 Club América
16%
Germany 27 Werder Bremen
15%
Mexico 48 Guadalajara
10%
USA 43 DC United
7%
Romania 46 Steaua Bucureşti
4%
Qatar 50 Al-Sadd
3%
Uruguay 45 Atlético Peñarol
2%
Spain 29 Atletico Madird
1%
Argentina 38 Atletic Indepediente
0%
Japan 49 Kashima Antlers
0%
No matching quizzes found
Score Distribution
Percent of People with Each Score
Percentile by Number Answered
Your Score History
You have not taken this quiz